Anne Boleyn (Record no. 54589)
[ view plain ]
| 000 -LEADER | |
|---|---|
| campo de control de longitud fija | 00622nam a22001815i 4500 |
| 001 - NÚMERO DE CONTROL | |
| campo de control | 54589 |
| 003 - IDENTIFICADOR DE NÚMERO DE CONTROL | |
| campo de control | ES-MaACL |
| 005 - FECHA Y HORA DE LA ÚLTIMA TRANSACCIÓN | |
| campo de control | 20230906162959.0 |
| 007 - CAMPO FIJO DE DESCRIPCIÓN FÍSICA--INFORMACIÓN GENERAL | |
| campo de control de longitud fija | t| |
| 008 - DATOS DE LONGITUD FIJA--INFORMACIÓN GENERAL | |
| campo de control de longitud fija | 960723s1884 xxk ||||1| eng d |
| 040 ## - FUENTE DE CATALOGACIÓN | |
| Centro catalogador/agencia de origen | CAM |
| Lengua de catalogación | spa |
| Centro/agencia transcriptor | CAM |
| 100 1# - ENTRADA PRINCIPAL--NOMBRE DE PERSONA | |
| Nombre de persona | Friedmann, Paul. |
| 9 (RLIN) | 52642 |
| 245 10 - MENCIÓN DEL TÍTULO | |
| Título | Anne Boleyn |
| Resto del título | : a chapter of English history, 1527-1536 / |
| Mención de responsabilidad, etc. | by Paul Friedmann. |
| 260 ## - PUBLICACIÓN, DISTRIBUCIÓN, ETC. | |
| Lugar de publicación, distribución, etc. | London : |
| Nombre del editor, distribuidor, etc. | Macmillan and co., |
| Fecha de publicación, distribución, etc. | 1884 ( |
| Fabricante | R. Clay, sons and Taylor) |
| 300 ## - DESCRIPCIÓN FÍSICA | |
| Extensión | 2 v. (LXXXIV, 308; XVI, 383 p.) ; |
| Dimensiones | 23 cm. |
| 600 04 - PUNTO DE ACCESO ADICIONAL DE MATERIA--NOMBRE DE PERSONA | |
| Nombre de persona | Ana Bolena |
| Títulos y otros términos asociados al nombre | Reina consorte de Enrique VIII, Rey de Inglaterra. |
| 9 (RLIN) | 21358 |
| 852 ## - LOCALIZACIÓN | |
| Ubicación | ES-MaACL |
| Número de control de estantería | G-11745-6 |
| Estatus retirado | Estado de pérdida | Estado de daño | No para préstamo | Colección | Biblioteca de origen | Biblioteca actual | Ubicación en estantería | Fecha de adquisición | Fuente de adquisición | Total de préstamos | Signatura topográfica completa | Código de barras | Visto por última vez | Precio de reemplazo | Tipo de ítem Koha |
|---|---|---|---|---|---|---|---|---|---|---|---|---|---|---|---|
| Libros del s. XIX | Biblioteca del Ateneo de Madrid | Biblioteca del Ateneo de Madrid | Sala Pecera Planta 3 | 17/01/2008 | G-11745-6 | 1057361 | 23/02/2023 | 23/02/2023 | Libro impreso antiguo |
